Námestie slobody v Šaštíne - rekonštrukcia verejného priestoru

Saved in:
Bibliographic Details
Main Author: Jakubíková, Timea (Author)
Other Authors: Kaliská, Dagmar (Thesis advisor)
Format: Manuscript Book
Language:Slovak
Published: Bratislava 2016
Subjects:
Online Access:http://is.stuba.sk/zp/portal_zp.pl?podrobnosti=82583
Tags: Add Tag
No Tags, Be the first to tag this record!

MARC

LEADER 00000ntm a22000003a 4500
001 stuzp51833
003 SK-STU
005 20210222104355.6
007 ta
008 150427s2015----xo-----f-mn---000-0-slo-d
040 |a STU  |b slo 
041 0 |a slo 
100 1 |a Jakubíková, Timea  |u 056160  |4 aut  |U FAD Fakulta architektúry  |T FA Ústav urbanizmu a územného plánovania  |X 43287  |U A6160  |Y 397  |7 43287 
242 0 1 |a Square of Liberty in Šaštín - reconstruction of public space  |y eng 
245 1 0 |a Námestie slobody v Šaštíne - rekonštrukcia verejného priestoru 
260 |c 2016  |a Bratislava 
650 4 |a verejný priestor  |2 slo 
650 4 |a rekonštrukcia  |2 slo 
650 4 |a Šaštín  |2 slo 
650 4 |a public space  |2 eng 
650 4 |a reconstruction  |2 eng 
650 4 |a Šaštín  |2 eng 
700 1 |a Kaliská, Dagmar  |u 056160  |k Z1  |4 ths  |U FAD Fakulta architektúry  |T FA Ústav urbanizmu a územného plánovania  |X 421  |U A6160  |Y 397  |7 A000000421 
856 4 |u http://is.stuba.sk/zp/portal_zp.pl?podrobnosti=82583  |u https://opac.crzp.sk/?fn=detailBiblioForm&sid=1080C1D973035A08762483E98A31 
SQL |a stuzp51833  |b DBP  |c SLO  |d Námestie slobody v Šaštíne - rekonštrukcia verejného priestoru  |e 43287  |f Jakubíková, Timea  |g 056160  |h 421  |i Kaliská, Dagmar  |j 20160610  |k 149  |l 05  |m http://is.stuba.sk/zp/portal_zp.pl?podrobnosti=82583  |n B-AU  |o 5.1.1. architektúra a urbanizmus